[Event "Hofheim Spring op-A 3rd"]
[Site "Hofheim"]
[Date "2015.04.08"]
[Round "2"]
[White "Wichmann, Adrian"]
[Black "Schroeder, Juergen"]
[Result "1/2-1/2"]
[WhiteElo "1957"]
[BlackElo "2066"]
[PlyCount "51"]
[EventDate "2015.04.07"]
[EventType "swiss"]
[EventRounds "9"]
[EventCountry "GER"]
[SourceTitle "CBM 166 Extra"]
[Source "ChessBase"]
[SourceDate "2015.06.18"]
[SourceVersion "1"]
[SourceVersionDate "2015.06.18"]
[SourceQuality "1"]

1. e4 g6 2. d4 Bg7 3. Nc3 d6 4. f4 Nf6 5. Nf3 0-0 6. Be2 c5 7. e5 Nfd7 8. exd6 exd6 9. Be3 Re8 10. Bf2 Qa5 11. 0-0 Nf6 12. dxc5 dxc5 13. Ne5 Rd8 14. Qe1 Be6 15. Bf3 Qc7 16. Qe3 Nbd7 17. Nxd7 Nxd7 18. Rab1 Rac8 19. a3 Nf6 20. Kh1 Nd5 21. Nxd5 Bxd5 22. Bxd5 Rxd5 23. c3 Rcd8 24. Bh4 Rf8 25. Rbd1 Qd7 26. Qe2 1/2-1/2

[Event "Karl Mala Memorial op-A 17th"]
[Site "Frankfurt"]
[Date "2014.08.02"]
[Round "4"]
[White "Schroeder, Juergen"]
[Black "Gersmann, Kai"]
[Result "1/2-1/2"]
[WhiteElo "2065"]
[BlackElo "1978"]
[PlyCount "46"]
[EventDate "2014.07.31"]
[EventType "swiss"]
[EventRounds "7"]
[EventCountry "GER"]
[SourceTitle "EXT 2015"]
[Source "ChessBase"]
[SourceDate "2014.11.20"]
[SourceVersion "1"]
[SourceVersionDate "2014.11.20"]
[SourceQuality "1"]

1. e4 g6 2. d4 Bg7 3. Nc3 d6 4. Nf3 a6 5. a4 Bg4 6. Be2 Nd7 7. 0-0 e5 8. Be3 Ne7 9. h3 Bxf3 10. Bxf3 0-0 11. Qd2 Nb6 12. b3 Nc6 13. Ne2 exd4 14. Nxd4 Ne5 15. Rad1 Nxf3+ 16. Nxf3 Nd7 17. Bd4 Re8 18. Bxg7 Kxg7 19. Rfe1 Qf6 20. Qd5 Rab8 21. Qc4 Rbc8 22. Qd5 Rb8 23. Qc4 Rbc8 1/2-1/2

[Event "Karl Mala Memorial op-A 17th"]
[Site "Frankfurt"]
[Date "2014.08.01"]
[Round "3"]
[White "Dorst, Johannes"]
[Black "Schroeder, Juergen"]
[Result "1/2-1/2"]
[WhiteElo "2299"]
[BlackElo "2065"]
[PlyCount "54"]
[EventDate "2014.07.31"]
[EventType "swiss"]
[EventRounds "7"]
[EventCountry "GER"]
[SourceTitle "EXT 2015"]
[Source "ChessBase"]
[SourceDate "2014.11.20"]
[SourceVersion "1"]
[SourceVersionDate "2014.11.20"]
[SourceQuality "1"]

1. e4 g6 2. d4 Bg7 3. Nc3 d6 4. f4 Nf6 5. Nf3 0-0 6. Bd3 c5 7. dxc5 dxc5 8. 0-0 Nc6 9. e5 Nd5 10. Nxd5 Qxd5 11. Qe2 Bg4 12. c3 Rad8 13. Be4 Qd7 14. Qb5 Bxf3 15. gxf3 Nxe5 16. Qxd7 Nxd7 17. Bxb7 Nb6 18. a4 Nc4 19. a5 Nd2 20. Bxd2 Rxd2 21. Rf2 Rfd8 22. Re1 e6 23. Re4 Rxf2 24. Kxf2 Rd2+ 25. Re2 Rxe2+ 26. Kxe2 h6 27. Ke3 Kf8 1/2-1/2

[Event "Hessen-ch Gr-B 64th"]
[Site "Bad Vilbel"]
[Date "2010.04.03"]
[Round "6"]
[White "Schroeder, Juergen"]
[Black "Kreiling, Carsten"]
[Result "0-1"]
[WhiteElo "2105"]
[BlackElo "2126"]
[PlyCount "48"]
[EventDate "2010.03.31"]
[EventType "swiss"]
[EventRounds "7"]
[EventCountry "GER"]
[SourceTitle "EXT 2011"]
[Source "ChessBase"]
[SourceDate "2010.11.26"]
[SourceVersion "1"]
[SourceVersionDate "2010.11.26"]
[SourceQuality "1"]

1. e4 c5 2. Nf3 Nc6 3. d3 g6 4. g3 Bg7 5. Bg2 Nf6 6. Nbd2 0-0 7. 0-0 d5 8. Re1 b6 9. c3 dxe4 10. dxe4 Ng4 11. Qc2 Nge5 12. Nxe5 Nxe5 13. Nf3 Qd3 14. Qd1 Qxd1 15. Rxd1 Bg4 16. Nxe5 Bxd1 17. Nc6 e6 18. e5 Kh8 19. b3 Be2 20. c4 f6 21. Bb2 fxe5 22. f4 exf4 23. Bxg7+ Kxg7 24. gxf4 Rxf4 0-1